Guidelines for Molecular Analysis in Archive Tissues

A huge amount of fixed and paraffin-embedded tissue is stored in every hospital. This is very precious material that can be used for translational research and for diagnostics. The molecular methods employed for analysis of these tissues are similar to the usual molecular biology and proteomics meth...

Full description

Bibliographic Details
Corporate Author: SpringerLink (Online service)
Other Authors: Stanta, Giorgio (Editor)
Format: Electronic eBook
Language:English
Published: Berlin, Heidelberg : Springer Berlin Heidelberg, 2011.
Subjects:
Online Access:Full Text via HEAL-Link
LEADER 03492nam a22004575i 4500
001 978-3-642-17890-0
003 DE-He213
005 20151204153036.0
007 cr nn 008mamaa
008 110606s2011 gw | s |||| 0|eng d
020 |a 9783642178900  |9 978-3-642-17890-0 
024 7 |a 10.1007/978-3-642-17890-0  |2 doi 
040 |d GrThAP 
050 4 |a RB1-214 
072 7 |a MMF  |2 bicssc 
072 7 |a MED067000  |2 bisacsh 
082 0 4 |a 616.07  |2 23 
245 1 0 |a Guidelines for Molecular Analysis in Archive Tissues  |h [electronic resource] /  |c edited by Giorgio Stanta. 
264 1 |a Berlin, Heidelberg :  |b Springer Berlin Heidelberg,  |c 2011. 
300 |a XVI, 323 p. 46 illus., 31 illus. in color.  |b online resource. 
336 |a text  |b txt  |2 rdacontent 
337 |a computer  |b c  |2 rdamedia 
338 |a online resource  |b cr  |2 rdacarrier 
347 |a text file  |b PDF  |2 rda 
505 0 |a Introduction -- Archive Tissues -- Pre-Analytical Treatment of Tissues -- Dissection of Tissue Components -- Extraction, Purification, Quantification and Quality Assessment of Nucleic Acids -- Reverse Transcription (RT) -- Nucleic Acid Amplification -- DNA Sequencing -- Microsatellite Analysis -- Methylation Analysis -- Analysis of Copy Number Variations -- Microarrays -- Protein Extraction in Archive Tissues -- Protein Electrophoretic Separation -- Protein Immunodetection -- Mass Spectrometry -- Elements of Good Laboratory Practice. -- DNA Sequencing -- Microsatellite Analysis -- Methylation Analysis -- Analysis of Copy Number Variations -- Microarrays -- Protein Extraction in Archive Tissues -- Protein Electrophoretic Separation -- Protein Immunodetection -- Mass Spectrometry -- Elements of Good Laboratory Practice. 
520 |a A huge amount of fixed and paraffin-embedded tissue is stored in every hospital. This is very precious material that can be used for translational research and for diagnostics. The molecular methods employed for analysis of these tissues are similar to the usual molecular biology and proteomics methods, but reliable results can be obtained only if specific steps are followed with great care.   This book provides detailed and precise guidelines for molecular analysis of archive tissues and will serve as an invaluable aid for researchers and pathologists involved in translational research and diagnostics. The topics addressed include pre-analytical treatment of tissues, isolation of tissue components, DNA and RNA methods, proteomics methods, internal quality control procedures, and storage and treatment of reagents. Clear notes and explanations are included to simplify use of the protocols for the less experienced. The authors are a group of acknowledged experts who have developed the described methods and validated them within the European project "Archive Tissues: Improving Molecular Medicine Research and Clinical Practice - IMPACTS", which has involved 21 leading institutions in 11 countries. 
650 0 |a Medicine. 
650 0 |a Molecular biology. 
650 0 |a Oncology. 
650 0 |a Pathology. 
650 1 4 |a Medicine & Public Health. 
650 2 4 |a Pathology. 
650 2 4 |a Molecular Medicine. 
650 2 4 |a Oncology. 
700 1 |a Stanta, Giorgio.  |e editor. 
710 2 |a SpringerLink (Online service) 
773 0 |t Springer eBooks 
776 0 8 |i Printed edition:  |z 9783642178894 
856 4 0 |u http://dx.doi.org/10.1007/978-3-642-17890-0  |z Full Text via HEAL-Link 
912 |a ZDB-2-SME 
950 |a Medicine (Springer-11650)